Normal view
MARC view
- Resnick, Robert,
Entry Personal Name
001 - CONTROL NUMBER
- control field: 1506
003 - CONTROL NUMBER IDENTIFIER
- control field: NUST
005 - DATE AND TIME OF LATEST TRANSACTION
- control field: 20170529122830.0
008 - FIXED-LENGTH DATA ELEMENTS
- fixed length control field: 170529|| aca||aabn | a|a d
040 ## - CATALOGING SOURCE
- Original cataloging agency: NUST
- Transcribing agency: NUST
100 ## - HEADING--PERSONAL NAME
- Personal name: Resnick, Robert,
- Dates associated with a name: 1923-
670 ## - SOURCE DATA FOUND
- Source citation: Work cat.: (NUST)23815: David Halliday, Robert Resnick, Kenneth S. Krane 1505, Physics :Vol 2 , c1960
